LEADER 00883nam0-22003251i-450- 001 990003037950403321 005 20070319115804.0 010 $a1-85521-088-6 035 $a000303795 035 $aFED01000303795 035 $a(Aleph)000303795FED01 035 $a000303795 100 $a20030910d1990----km-y0itay50------ba 101 0 $aita 102 $aIT 200 1 $aCorporate Financial Policy and Taxation$fMariateresa Fiocca. 210 $aAldershot$cDartmouth$d1990. 215 $aVII, 140 p.$d22 cm 676 $aG/3.352 676 $aN/2.311 702 1$aFiocca,$bMariateresa$f<1957- > 801 0$aIT$bUNINA$gRICA$2UNIMARC 901 $aBK 912 $a990003037950403321 952 $aG/3.352 FIO/N.A.$b9133$fSES 952 $aH2.134$b2412$fDECTS 959 $aSES 959 $aDECTS 996 $aCorporate Financial Policy and Taxation$9463730 997 $aUNINA LEADER 02287nam2 2200493 i 450 001 CFI0013294 005 20251003044108.0 010 $a8806057200 010 $a8806572083 020 $aIT$b88-2954 100 $a20170103d1984 ||||0itac50 ba 101 | $aita 102 $ait 181 1$6z01$ai $bxxxe 182 1$6z01$an 183 1$6z01$anc$2RDAcarrier 200 1 $aˆIl ‰Veneto$fa cura di Silvio Lanaro 210 $aTorino$cG. Einaudi$d1984 215 $aXIX, 1129 p., \20! c. di tav.$cill.$d21 cm 300 $aIn custodia. 461 1$1001CFI0012569$12001 $aStoria d'Italia$eLe regioni dall'unità a oggi 606 $aVeneto$xStoria$xSec. 19.-20.$2FIR$3CFIC014901$9I 606 $aVeneto$xStoria$2FIR$3CFIC114891$9I 676 $a945$9Italia. Storia$v20 676 $a945$9STORIA. ITALIA$v21 676 $a945.084$9STORIA. ITALIA. 1861-1900$v23 676 $a945.3$9$v12 676 $a945.3$9STORIA DELL'ITALIA NORD-ORIENTALE VENETO$v19 676 $a945.3$9STORIA DEL VENETO$v20 676 $a945.3$9STORIA. ITALIA NORDORIENTALE VENETO$v21 676 $a945.3$9STORIA. Italia nordorientale. Veneto$v22 686 $aVEN/X5.0$cVENETO STORIE GENERALI$2R 686 $aVEN/X5.2$cP0LITICA E CULTURA VENETO$2R 686 $aVEN/X5.3$cECONOMIA E SOCIETA VENETO$2R 702 1$aLanaro$b, Silvio$3CFIV007986 801 3$aIT$bIT-000000$c20170103 850 $aIT-BN0095 $aIT-AV0175 $aIT-NA0299 $aIT-AV0003 $aIT-AV0007 $aIT-NA0079 $aIT-NA0070 $aIT-NA0120 $aIT-SA0111 $aIT-NA0261 $aIT-NA0452 $aIT-AV0045 $aIT-NA0097 901 $bNAP MV$cE $nDEPOSITO LIBRARIO RELIGIONE SALA E 901 $bNAP AG$cII $n$ 912 $aCFI0013294 950 2$aBiblioteca Centralizzata di Ateneo$cv. 1-17$d 01POZZO LIB.STO ITA 1$e 0101 0000134655E VMA (4 bis v. 4 (Ristampa 1996)$fB $h20210408$i20210408$cv. 1-17$d 01POZZO LIB.STO ITA 1$e 0101 0000060345E VMA (4 v. 4 (Ristampa 1996)$fB $h20210408$i20210408 977 $a 01$a 90$a AG$a AR$a AV$a BN$a BU$a CR$a CS$a FT$a IS$a MV$a SP 996 $aVeneto$9185776 997 $aUNISANNIO